Statistics for From Abraham to Jesus

Click here to take the quiz!

General Stats

  • This quiz has been taken 756 times
  • The average score is 22 of 112

Answer Stats

NAME% Correct
Joseph
86%
Jacob
86%
David
85%
David & Bathsheba
85%
Isaac
84%
Solomon & Naamah
70%
Adam
60%
Noah
54%
Judah
51%
Judah & Tamar
51%
Seth
47%
Jesse
40%
Boaz
36%
Boaz & Ruth
36%
Shem
30%
Obed
28%
Joshua
25%
Enoch
25%
Levi
23%
Josiah
20%
Methuselah
20%
Reu
17%
Perez
17%
Rehoboam
16%
Hezekiah
15%
Salmon
13%
Asa
13%
Salmon & Rahab
13%
Manasseh
12%
Enosh
11%
Jehosaphat
11%
Ahaz
11%
Simeon
11%
Nathan
10%
Zerubbabel
10%
Lamech
10%
Uzziah
9%
Amminadab
8%
Hezron
8%
Jared
8%
Nahshon
7%
Ram
7%
Amos
7%
Abijam
7%
Terah
7%
Matthan
7%
Amon
7%
Eleazar
7%
Jeconiah
6%
Eliud
6%
Abiud
6%
Eliakim
6%
Zadok
6%
Achim
6%
Jotham
6%
Nahor
6%
Shealtiel
6%
Peleg
6%
Jehoram
6%
Azor
5%
Nahum
5%
Er
4%
Mahalalel
4%
Heli
4%
Arphaxad
4%
Matthat
3%
Kenan
3%
Serug
3%
Eber
3%
Melchi
2%
Shelah
2%
Mattathias
2%
Rhesa
2%
Jonam
2%
Melea
2%
Mattatha
2%
Eliezer
2%
Neri
2%
Addi
1%
Cosam
1%
Elmadam
1%
Joanan
1%
Joda
1%
Josech
1%
Semein
1%
Jorim
1%
Mahath
1%
Naggai
1%
Hesli
1%
Menna
1%
Jannai
1%

Score Distribution

Percentile by Number Answered

Percent of People with Each Score

Your Score History

You have not taken this quiz